000 00707cam a2200241 a 4500
001 4225156
005 20180216065520.0
008 830621s1983 dcua b 001 0 eng
010 _a 82047843
020 _a0870444409 :
_c$6.95
020 _a087044445X (lib. bdg.) :
_c$8.50
040 _aDLC
_cDLC
_dDLC
041 _aeng
043 _an-us---
080 _a508.73 fra
082 0 0 _a508.73 fra
_219
100 _a42
101 _agje
245 0 0 _aAmerica's wild and scenic rivers /
_cprepared by the Special Publications Division, National Geographic Society, Washington, D.C.
504 _aBibliography: p. 197.
906 _a7
_bcbc
_corignew
_d1
_eocip
_f19
_gy-gencatlg
942 _2ddc
_cBK
999 _c42786
_d42786